| 000 | 00569nam a2200181Ia 4500 | ||
|---|---|---|---|
| 005 | 20260429112236.0 | ||
| 008 | 260429s9999||||xx |||||||||||||| ||und|| | ||
| 020 | _a9788177145007 | ||
| 041 | _aHindi | ||
| 082 |
_a150.195 _bRAJ |
||
| 100 | _aराजकिशोर | ||
| 245 | 0 |
_aफ्रायड : _bविचार कोश / _cराजकिशोर |
|
| 250 | _arev. | ||
| 260 |
_aनई दिल्ली : _bप्रकाशन संस्थान, _c2017. |
||
| 300 | _a120 p.; Hb | ||
| 650 | _aमनोविश्लेषण | ||
| 942 | _cTB | ||
| 999 |
_c53081 _d53081 |
||